| 000 | 00595nam a2200229 a 4500 | ||
|---|---|---|---|
| 001 | 000046679 | ||
| 003 | DO-SdBNP | ||
| 005 | 20221102133722.0 | ||
| 007 | ta | ||
| 008 | 180316s2021 dr r 000 p spa d | ||
| 020 | _a9781736884812 | ||
| 040 |
_aDO-SdBNP _bspa _cBNPHU |
||
| 082 |
_axxxx _bT266t |
||
| 100 | 1 |
_aTejada, Rafael _97244 |
|
| 245 | 1 | 3 |
_aTratado de ausencias _cRafael Tejada. |
| 246 |
_aA treatise on abssence : _bpoetry |
||
| 260 |
_aSanto Domingo : _bBúho, _c2021. |
||
| 300 |
_a165 p. ; _c24 cm. |
||
| 590 | _aInventariado, 2021 / DG | ||
| 910 | _aDG | ||
| 942 |
_2ddc _cLBS1 |
||
| 999 |
_c52744 _d52744 |
||